تحميل...

Kalaapathinte Rangabhashyam

التفاصيل البيبلوغرافية
المؤلف الرئيسي: Unnikrishnan Kallil , P
التنسيق: Printed Book
الموضوعات:
LEADER 00459nam a22001337a 4500
020 |a 9789385725043 
082 |a 852 
100 |a Unnikrishnan Kallil , P 
245 |a Kalaapathinte Rangabhashyam 
300 |a 127p 
650 |a P J Antoniyude natakangalude samagra patanam 
942 |c BK 
999 |c 290168  |d 290168 
952 |0 0  |1 0  |4 0  |6 852_000000000000000_UNNI_K  |7 0  |8 RUSA  |9 330320  |a HIS  |b HIS  |c ST1  |d 2016-07-07  |g 110.00  |i 25052  |l 0  |o 852 UNNI / K  |p HIS25052  |r 2016-07-07  |w 2016-07-07  |y BK